| 000 | 00560nam a2200205 i 4500 | ||
|---|---|---|---|
| 001 | 75552 | ||
| 003 | ES-MaACL | ||
| 005 | 20240423123210.0 | ||
| 007 | t| | ||
| 008 | 040924s1985 sp ||||1| spa d | ||
| 020 | _a84-85995-13-9 | ||
| 100 | 1 |
_aGrande, Félix, _d1937-2014 _959584 |
|
| 245 | 1 | 3 |
_aLa vida breve / _cFélix Grande. |
| 260 |
_aMurcia : _bGodoy, _c1985. |
||
| 300 |
_a266 p. ; _c21 cm. |
||
| 490 | 1 | _aCreación mayor | |
| 830 | 0 |
_aCreación mayor _9231018 |
|
| 852 |
_aES-MaACL _jL-10080 _bR.111840 |
||
| 999 |
_c75552 _d75552 |
||